[Event "Satu Mare Tasnad op"]
[Site "Satu Mare"]
[Date "2013.09.29"]
[Round "6"]
[White "Murg, Gheorghe"]
[Black "Muresan, Petru"]
[Result "1-0"]
[WhiteElo "1658"]
[BlackElo "1917"]
[PlyCount "38"]
[EventDate "2013.09.26"]
[EventType "swiss"]
[EventRounds "7"]
[EventCountry "ROU"]
[SourceTitle "EXT 2014"]
[Source "ChessBase"]
[SourceDate "2013.11.20"]
[SourceVersion "1"]
[SourceVersionDate "2013.11.20"]
[SourceQuality "1"]

1. e4 g6 2. f4 Bg7 3. Nf3 d6 4. d4 c6 5. Nc3 Bg4 6. Be3 Qb6 7. Rb1 Bxf3 8. gxf3 Nd7 9. Qd2 Qc7 10. Ne2 Ngf6 11. Ng3 e5 12. c3 0-0 13. Bd3 a6 14. Ke2 c5 15. Rbc1 Rfe8 16. h4 c4 17. Bb1 exf4 18. Bxf4 Ne5 19. Bh6 Bxh6 1-0

[Event "Satu Mare Tasnad op"]
[Site "Satu Mare"]
[Date "2013.09.28"]
[Round "5"]
[White "Muresan, Petru"]
[Black "Samu, Sorin Mihai"]
[Result "0-1"]
[WhiteElo "1917"]
[BlackElo "2141"]
[PlyCount "66"]
[EventDate "2013.09.26"]
[EventType "swiss"]
[EventRounds "7"]
[EventCountry "ROU"]
[SourceTitle "EXT 2014"]
[Source "ChessBase"]
[SourceDate "2013.11.20"]
[SourceVersion "1"]
[SourceVersionDate "2013.11.20"]
[SourceQuality "1"]

1. e4 d6 2. h3 Nf6 3. Nc3 c6 4. Nf3 e5 5. d4 Qc7 6. Be3 Be7 7. Bd3 0-0 8. 0-0 Nbd7 9. a3 Re8 10. Bc4 Nf8 11. dxe5 dxe5 12. Ng5 Ne6 13. Nxe6 Bxe6 14. Bxe6 fxe6 15. Qe2 b5 16. f3 Nh5 17. Bf2 Nf4 18. Qe3 Rf8 19. Ne2 Ng6 20. Rad1 Rf7 21. Rd2 h6 22. Rfd1 Bg5 23. f4 exf4 24. Qf3 Ne5 25. Qb3 f3 26. Ng3 Bxd2 27. Rxd2 Nc4 28. Rd3 fxg2 29. Kxg2 Qf4 30. Bc5 h5 31. h4 Qxh4 32. a4 a6 33. Qc3 Qg4 0-1